Operating Systems : (Record no. 1833)
[ view plain ]
| 000 -LEADER | |
|---|---|
| fixed length control field | 00700nam a22002057a 4500 |
| 003 - CONTROL NUMBER IDENTIFIER | |
| control field | OSt |
| 005 - DATE AND TIME OF LATEST TRANSACTION | |
| control field | 20251105020004.0 |
| 008 - FIXED-LENGTH DATA ELEMENTS--GENERAL INFORMATION | |
| fixed length control field | 250805b |||||||| |||| 00| 0 eng d |
| 020 ## - INTERNATIONAL STANDARD BOOK NUMBER | |
| International Standard Book Number | 9781985086593 |
| 040 ## - CATALOGING SOURCE | |
| Language of cataloging | English |
| Transcribing agency | Central Library IIT Goa |
| 082 ## - DEWEY DECIMAL CLASSIFICATION NUMBER | |
| Classification number | 005.43 |
| Item number | RAP |
| 100 ## - MAIN ENTRY--PERSONAL NAME | |
| Personal name | Arpaci-Dusseau, Remzi H. |
| 9 (RLIN) | 3539 |
| 245 ## - TITLE STATEMENT | |
| Title | Operating Systems : |
| Remainder of title | Three Easy Pieces / |
| Statement of responsibility, etc. | Remzi H. Arpaci-Dusseau & Andrea C. Arpaci-Dusseau, |
| 260 ## - PUBLICATION, DISTRIBUTION, ETC. | |
| Place of publication, distribution, etc. | Madison, US : |
| Name of publisher, distributor, etc. | Arpaci-Dusseau Books , |
| Date of publication, distribution, etc. | 2008 |
| 300 ## - PHYSICAL DESCRIPTION | |
| Extent | xxvi,707p. |
| 650 ## - SUBJECT ADDED ENTRY--TOPICAL TERM | |
| Topical term or geographic name entry element | Operating Sysytems (Computer) |
| 9 (RLIN) | 3540 |
| 650 ## - SUBJECT ADDED ENTRY--TOPICAL TERM | |
| Topical term or geographic name entry element | Sysytem Programming (Computer Science) |
| 9 (RLIN) | 3541 |
| 700 ## - ADDED ENTRY--PERSONAL NAME | |
| Personal name | Arpaci-Dusseau, Andrea C. |
| Relator term | author |
| 9 (RLIN) | 3542 |
| 942 ## - ADDED ENTRY ELEMENTS (KOHA) | |
| Source of classification or shelving scheme | Dewey Decimal Classification |
| Koha item type | Books |
| Koha issues (borrowed), all copies | 4 |
| Withdrawn status | Lost status | Source of classification or shelving scheme | Damaged status | Not for loan | Collection code | Home library | Current library | Shelving location | Date acquired | Source of acquisition | Cost, normal purchase price | Total Checkouts | Full call number | Barcode | Date last seen | Date last checked out | Copy number | Cost, replacement price | Price effective from | Koha item type | Public note |
|---|---|---|---|---|---|---|---|---|---|---|---|---|---|---|---|---|---|---|---|---|---|
| Dewey Decimal Classification | Reference | Reference | IIT Goa Central Library | IIT Goa Central Library | Reference | 2025-08-05 | Rajasthani Granthagar | 2427.00 | 4 | 005.43/ RAP | 4563 | 2025-12-04 | 2025-11-04 | 1 | 2427.00 | 2025-08-05 | Reference | RG/2526/134||11-07-2025||25.00%||USD 28.27 |